000 01299cam a2200289 a 4500
001 13992924
005 20241107160929.0
008 050606s2001 enk b 001 0 eng
020 _a0406930589 (pbk.)
020 _a9780406930583
050 0 0 _aKD1554 / KF801
_b.C47 2001
100 1 _aCheshire, G. C.
_q(Geoffrey Chevalier),
_d1886-1978.
245 1 0 _aCheshire, Fifoot, and Furmston's Law of contract /
_cM P Furmston TD, MA, BCL, LLM ; Historical Introduction
250 _a14th ed.
260 _aLondon :
_bButterworths/LexisNexis,
_c2001.
300 _alxi, 762 p. ;
_c25 cm.
_bIndex
500 _aRev. ed of: Cheshire and Fifoot's Law of contract.
650 0 _aContracts
_zGreat Britain.
700 1 _aFifoot, C. H. S.
_q(Cecil Herbert Stuart),
_d1899-1975.
700 1 _aFurmston, M. P.
700 1 _aCheshire, G. C.
_q(Geoffrey Chevalier),
_d1886-1978.
_tCheshire and Fifoot's Law of contract.
700 1 _aHistorical Introduction
856 4 2 _3Publisher description
_uhttp://www.loc.gov/catdir/enhancements/fy0636/2005277095-d.html
856 4 1 _3Table of contents only
_uhttp://www.loc.gov/catdir/enhancements/fy0636/2005277095-t.html
856 4 2 _3Contributor biographical information
_uhttp://www.loc.gov/catdir/enhancements/fy0724/2005277095-b.html
942 _2lcc
_cBK
_e14th Ed.
_n0
999 _c827
_d827